000 00396 a2200097 4500
245 0 0 _aTelekomunikacyjne kable miejscowe z wiązkami czwórkowymi, o izolacji - papierowej i powłoce ołowianej Ogólne wymagania i badania PN-85/T-90310 /
_cMH i PMaszynow..
246 1 3 _aPN-85/T-90310
246 1 3 _a621.315.221.8:621.39
260 _aWarszawa :
_bMH i PMaszynow.,
_c1985.
300 _a6 stron ;
_c30 cm.
650 _aPolska norma
999 _c18952
_d18952